Kashmir and other related matters (Record no. 73323)

MARC details
000 -LEADER
fixed length control field 00849cam a22002651 4500
001 - CONTROL NUMBER
control field sa 67002606
003 - CONTROL NUMBER IDENTIFIER
control field DLC
005 - DATE AND TIME OF LATEST TRANSACTION
control field 20260227112331.0
008 - FIXED-LENGTH DATA ELEMENTS--GENERAL INFORMATION
fixed length control field 810701s1967 ii 000 0 eng
010 ## - LIBRARY OF CONGRESS CONTROL NUMBER
LC control number sa 67002606
025 ## - OVERSEAS ACQUISITION NUMBER
Overseas acquisition number PL480:I-E-7696
035 ## - SYSTEM CONTROL NUMBER
System control number (OCoLC)7543630
040 ## - CATALOGING SOURCE
Original cataloging agency DLC
Transcribing agency NNU
Modifying agency DLC
042 ## - AUTHENTICATION CODE
Authentication code premarc
050 00 - LIBRARY OF CONGRESS CALL NUMBER
Classification number DS485.K2
Item number S548
082 ## - DEWEY DECIMAL CLASSIFICATION NUMBER
Classification number 327.54/0549
100 1# - MAIN ENTRY--PERSONAL NAME
Personal name Singh, Sheobran.
245 10 - TITLE STATEMENT
Title Kashmir and other related matters
Statement of responsibility, etc. [by] Sheobran Singh and J. P. Bansal. With a foreword by Ashirbadi Lal Shrivastava.
260 ## - PUBLICATION, DISTRIBUTION, ETC.
Place of publication, distribution, etc. Agra,
Name of publisher, distributor, etc. Oriental Pub. House
Date of publication, distribution, etc. [1967]
300 ## - PHYSICAL DESCRIPTION
Extent 290 p.
Dimensions 23 cm.
651 #0 - SUBJECT ADDED ENTRY--GEOGRAPHIC NAME
Geographic name Jammu and Kashmir (India)
General subdivision Politics and government.
651 #0 - SUBJECT ADDED ENTRY--GEOGRAPHIC NAME
Geographic name India
General subdivision Foreign relations
Geographic subdivision Pakistan.
651 #0 - SUBJECT ADDED ENTRY--GEOGRAPHIC NAME
Geographic name Pakistan
General subdivision Foreign relations
Geographic subdivision India.
700 1# - ADDED ENTRY--PERSONAL NAME
Personal name Bansal, J. P., joint author.

No items available.

Powered by Koha